Estatísticas para Os 15 principais países com mortes por Covid19 - 10 de novembro 2021

Clique aqui para jogar o quiz

Estatísticas Gerais

  • Esse quiz foi jogado 7 vezes
  • A pontuação média é 17 de 25

Estatísticas das Respostas

país% Correto
Alemanha
100%
Argentina
100%
Brasil
100%
Colômbia
100%
Estados Unidos
100%
Índia
100%
Itália
100%
Reino Unido
100%
Rússia
100%
França
86%
Peru
86%
Indonésia
71%
México
71%
África do Sul
57%
Chéquia
57%
Irão
57%
Bulgária
43%
Romênia
43%
Croácia
29%
Eslováquia
29%
Eslovénia
29%
Geórgia
29%
Hungria
29%
Macedónia do Norte
29%
Bósnia e Herzegovina
14%

Distribuição das Pontuações

Percentil de Números Respondidos

Porcentagem de Pessoas com Cada Pontuação

Sua Pontuação Histórica

Você não jogou esse quiz